| 000 | 00564pam a2200217 a 4500 | ||
|---|---|---|---|
| 001 | 4260118 | ||
| 005 | 20180227094455.0 | ||
| 008 | 840809s1985 nyua b 001 0 eng | ||
| 010 | _a 84019403 | ||
| 020 |
_a0070484015 : _c$28.95 |
||
| 040 |
_aDLC _cDLC _dDLC |
||
| 041 | _aeng | ||
| 080 | _a150 DIA | ||
| 082 | 0 | 0 |
_a150 DIA _219 |
| 100 | 1 | _a6 | |
| 101 | _aANA | ||
| 245 | 1 | 0 |
_aPsychology / _cDiane E. Papalia, Sally Wendkos Olds. |
| 504 | _aBibliography: p. 1-34 (4th group) | ||
| 906 |
_a7 _bcbc _corignew _d1 _eocip _f19 _gy-gencatlg |
||
| 942 |
_2ddc _cBK |
||
| 999 |
_c43664 _d43664 |
||